[Event "Silkway Cup"]
[Site "T#646345FIDE"]
[Date "2020.05.28"]
[Round "11"]
[White "Durarbeyli Vasif"]
[Black "Ka ch"]
[Result "1/2-1/2"]
[WhiteElo "2712"]
[BlackElo "2252"]
[Annotator "TA"]
[PlyCount "94"]
[EventDate "2020.05.28"]
[EventType "swiss (blitz)"]

{[%evp 15,94,17,44,44,43,37,26,28,54,34,71,32,34,30,27,35,33,28,26,31,64,65,74,31,42,30,36,41,20,14,68,41,49,47,136,37,43,38,50,35,106,9,182,46,48,54,51,36,51,49,59,57,94,70,75,66,185,31,31,31,31,31,34,0,0,0,0,0,0,0,0,0,0,0,0,0,0,0,0,0,0]} 1. e4 d6 2. d4 Nf6 3. Nc3 e5 4. Nf3 Nbd7 5. g3 Be7 6. Bg2 O-O 7. O-O c6 8. a4 a5 9. Re1 {C41: Philidor Defence.} Qc7 10. h3 Re8 11. Be3 {White has an edge.} exd4 12. Nxd4 Bf8 {[#]} 13. Kh2 $146 ({Predecessor:} 13. Qd2 Ne5 14. b3 Ng6 15. f4 Bd7 16. Qf2 Rab8 17. g4 b5 18. g5 b4 19. f5 {½-½ (25) Radivojevic,M (2304)-Golubovic,Z (2282) Nis 2014}) 13... h6 14. Qd2 Nc5 {[%cal Rc5e4]} 15. f3 Bd7 16. Qf2 Rad8 17. Rad1 g6 18. Nb3 b6 19. Nxc5 bxc5 20. f4 Bg7 21. Bc1 Bc8 22. Rd3 d5 (22... Be6 $11) 23. exd5 (23. Qxc5 {with more complications.} h5 24. e5 Nd7 25. Qf2 Nb6 26. b3) 23... Rxe1 24. Qxe1 Bf5 (24... c4 $14 25. Re3 cxd5) 25. Rd2 ({White should play} 25. dxc6 $16 Bxd3 26. cxd3) 25... cxd5 26. Nxd5 Nxd5 27. Bxd5 Kh7 (27... c4 $14) 28. c3 ({White should try} 28. Bc4 $16) 28... Qc8 $2 {[#]} (28... c4 $11 {and Black has nothing to worry.}) 29. Bg2 (29. Bxf7 $18 {g4 is the strong threat.} Rxd2+ 30. Bxd2 (30. Qxd2 Bxh3 31. Qd5 Bf5 $16)) 29... Re8 30. Re2 Be6 31. Qf2 Bd7 32. Rxe8 Bxe8 33. Be3 c4 34. Bb6 Bxa4 35. Bxa5 Bc6 (35... Qd7 $14) 36. Bb6 $2 {[#]} (36. Qc5 $18 Bd7 37. Qxc8 Bxc8 38. Bd5) 36... Bxg2 $14 37. Kxg2 Qc6+ 38. Kh2 Qe4 39. Bd4 Bxd4 {The position is equal.} 40. Qxd4 $11 {[%mdl 4096] Endgame KQ-KQ} Qc2+ 41. Kg1 Qc1+ 42. Kf2 Qxb2+ 43. Kf3 Qb7+ 44. Qe4 Qb3 45. Qd4 Qb7+ 46. Kf2 Qb2+ 47. Kf3 Qb7+ {Accuracy: White = 68%, Black = 63%.} 1/2-1/2

[Event "Silkway Cup"]
[Site "T#646345FIDE"]
[Date "2020.05.28"]
[Round "11"]
[White "Kutiktau"]
[Black "Rasulov Vugar"]
[Result "0-1"]
[WhiteElo "2686"]
[BlackElo "2316"]
[Annotator "TA"]
[PlyCount "40"]
[EventDate "2020.05.28"]
[EventType "swiss (blitz)"]

{[%evp 20,40,35,27,73,79,75,0,41,-26,85,-16,-21,-75,-74,-142,-141,-207,-213,-647,-640,-840,-837]} 1. Nf3 c5 2. c4 e6 3. Nc3 d5 4. cxd5 exd5 5. d4 Nf6 6. g3 Nc6 7. Bg2 Be7 8. O-O O-O 9. dxc5 d4 10. Na4 Bf5 11. a3 Ne4 {D34: Tarrasch Defence: 6 g3 Nf6 7 Bg2 Be7.} 12. b4 Bf6 {[#]} 13. Bf4 $146 ({White should play} 13. Bb2 $16) ({Predecessor:} 13. Bb2 Nc3 14. Bxc3 dxc3 15. Qb3 c2 16. Rac1 Re8 17. Nc3 a5 18. b5 a4 19. Qd5 {1-0 (41) L'Ami,E (2627)-Berelowitsch,A (2565) Netherlands 2013}) 13... g5 {The position is equal.} 14. Bd2 (14. Bd6 $1 $14) 14... Nc3 (14... d3 $11 {remains equal.} 15. exd3 Nxd2 16. Qxd2 Qxd3) 15. Bxc3 (15. Nxc3 $16 dxc3 16. Be3) 15... dxc3 $11 16. Rc1 (16. Qc1 $1 $11 c2 17. Ra2) 16... c2 $1 $36 {[%cal Rc2d1][%mdl 3072] Black has strong compensation. Black is in control.} 17. Qe1 {[#]} ({Better is} 17. Qxd8 Rfxd8 18. b5) 17... Re8 $1 18. b5 (18. g4 $17 {was worth a try.} Bg6 19. Nc3) 18... Na5 $19 {Threatens to win with ...Nb3.} 19. Qb4 $2 (19. Nc3 Nb3 {[%mdl 64] Double Attack} 20. e4) 19... Re4 20. Qe1 Rxa4 {Accuracy: White =  5%, Black = 59%.} 0-1

[Event "Silkway Cup"]
[Site "T#646345FIDE"]
[Date "2020.05.28"]
[Round "11"]
[White "Lukiano"]
[Black "Oligarkh"]
[Result "0-1"]
[WhiteElo "2683"]
[BlackElo "2661"]
[Annotator "TA"]
[PlyCount "242"]
[EventDate "2020.05.28"]
[EventType "swiss (blitz)"]

{[%evp 10,242,43,14,18,0,9,-50,-11,-14,0,-102,-17,-81,-92,-79,-21,-36,-1,-2,0,0,15,0,0,0,7,-57,0,0,0,-8,-18,-22,0,-58,-12,-68,-58,-89,0,-20,-20,-19,-24,-86,-16,-24,-20,-22,0,0,0,0,0,0,0,0,0,0,0,0,0,0,50,50,50,46,80,44,69,0,49,4,102,10,80,0,0,-24,0,-21,0,0,0,0,0,0,0,0,0,0,0,0,0,0,0,0,0,-8,0,-49,-49,-49,0,0,0,-49,-49,-49,-49,-49,0,0,0,-49,-49,-49,0,0,0,0,0,0,0,0,0,-49,-49,-49,0,0,0,-49,-49,-49,-49,-49,0,0,0,-49,-49,-56,-56,-57,-56,-57,-49,-56,-49,-49,-49,-49,-49,-49,-49,-49,-49,-49,-49,-49,-49,-49,-49,-82,-57,-147,-57,-57,-57,-57,-57,-112,-55,-80,0,-192,-92,-192,-200,-179,-172,-179,-174,-818,-818,-919,-777,-762,-724,-307,-93,-742,-742,-710,-710,-702,-644,-589,-143,-95,0,-492,-81,-2141,-1617,-6076,-1301,-818,-586,-29964,-29964,-29975,-29977,-29973,-29973,-29973,-29974,-29979,-6378,-29980,-29980,-29980,-29975,-29975,0,-29980,0,-29981,-29980,-29980,-29981,-29985,-29986]} 1. e4 c6 2. d4 d5 3. Nc3 dxe4 4. Nxe4 Nf6 5. Nxf6+ exf6 6. Be3 Bd6 {B15: Caro-Kann: 3 Nc3: 3...g6 and 3...dxe4 4 Nxe4 Nf6 5 Nxf6+ exf6.} 7. Qd2 O-O 8. O-O-O (8. Bd3 $11) 8... Nd7 {Black is slightly better.} 9. Kb1 Re8 {[#]} 10. g4 $146 (10. c4 $11) ({Predecessor:} 10. Bd3 Nf8 11. Ne2 Be6 12. c4 a6 13. Nc3 b5 14. d5 cxd5 15. cxd5 Bc8 16. Ne4 Bb8 {1-0 (16) Rios Parra,A (2345)-Salcedo,J (1987) Bogota 2011}) 10... Nf8 (10... Nb6 $17 11. h3 Be6) 11. g5 (11. h3 $11) 11... fxg5 $17 12. Bxg5 Qc7 (12... Be7 $17 13. Bxe7 Rxe7) 13. h4 $11 Bg4 (13... Be6 {is more complex.} 14. Ne2 Bg4 15. Re1 Bf3 16. Rh3 Bh5) 14. Be2 Bxe2 (14... Bf5 {seems wilder.} 15. Bd3 Be6 16. h5 f6 17. Be3 Qf7) 15. Nxe2 Ne6 16. Be3 Rad8 17. h5 Be7 18. Nf4 (18. Ng3 $11) 18... Nxf4 (18... Nxd4 $15 19. Bxd4 c5) 19. Bxf4 Bd6 20. Bxd6 Qxd6 21. Rhg1 Qf6 22. Rg4 (22. h6 $11 g6 23. Rge1) 22... Rd5 23. Rdg1 (23. h6 $1 $11 g6 24. Re1) 23... g6 $15 24. hxg6 hxg6 (24... fxg6 $17 25. b3 Rf5) 25. Rh1 c5 {[%cal Rd5d4]} 26. Qh6 Rxd4 27. Rgg1 (27. Rxd4 $11 Qxd4 28. a3) 27... Qg7 (27... Ree4 $17 28. Qh7+ Kf8) 28. Qh2 $11 b6 29. a3 Rde4 30. f4 Re2 31. Qh4 R2e4 32. Qh2 Re2 33. Qh4 R2e4 34. Qg5 Re2 35. f5 R2e5 36. Rf1 Rxf5 37. Rxf5 gxf5 38. Qxf5 {[%mdl 4096] Endgame KQR-KQR} Re6 39. Qf4 {[%mdl 1024] White has strong compensation.} Qe5 40. Qh4 (40. Qf3 $1 $14) 40... Qf6 {White should prevent ...Qxh4.} 41. Qh2 {Qb8+ is the strong threat.} Qe5 (41... Rd6 $11) 42. Qd2 (42. Qg2+ $1 $16 Kf8 43. Qa8+ Re8 44. Qxa7) 42... Qd4 (42... Qd6 $11 {keeps the balance.} 43. Qg2+ Kf8) 43. Qg5+ (43. Qg2+ $16 Kf8 44. Qa8+ Ke7 45. Qxa7+ Qd7 46. Qb8) 43... Rg6 44. Qc1 Kg7 45. Rf1 Rf6 46. Qg5+ Rg6 47. Qe7 Rf6 48. Rh1 Re6 49. Qg5+ Rg6 50. Qe7 Rg1+ 51. Rxg1+ Qxg1+ {KQ-KQ} 52. Ka2 a5 53. Qe5+ Kh7 54. Qh5+ Kg8 55. Qe5 Qg6 56. Kb1 Qg1+ 57. Ka2 Qg6 58. Kb1 Kh7 59. Qh2+ Kg7 60. Qe5+ Kg8 61. Qb8+ Kh7 62. Qh2+ Qh6 63. Qe5 Qe6 64. Qh5+ Kg7 65. Qg5+ Kf8 66. Qd8+ Kg7 67. Qg5+ Qg6 68. Qe5+ Qf6 69. Qg3+ Kf8 70. Qb8+ Kg7 71. Qg3+ Kh6 72. Qh3+ Kg6 73. Qg3+ Qg5 74. Qd6+ Qf6 75. Qg3+ Kf5 76. Qf3+ Ke5 77. Qc3+ Ke6 $1 {Strongly threatening ...Qxc3.} 78. Qd3 Ke7 79. Qe4+ Qe6 80. Qb7+ Kf8 81. Qb8+ Kg7 82. Qg3+ Kh6 83. Qf4+ Kh5 84. Qh2+ Kg4 85. Qg2+ Kf4 86. Qf2+ Ke4 87. Qd2 f5 88. Qd3+ ({White should try} 88. Qe1+ $15 Kd5 89. Qh4) 88... Ke5 (88... Kf4 $1 $17 89. Qh3 Qe1+ 90. Ka2 Qe4) 89. Qe3+ $15 Kd6 90. Qg3+ Kc6 91. Qb8 (91. b3 $15) 91... Qe1+ $17 92. Ka2 Qe6+ ({Better is} 92... Qe4 $17 93. Qc8+ Kd6 94. Qd8+ Kc6 95. Qc8+ Kd6 96. Qd8+ Kc6 97. Qc8+) 93. b3 $2 (93. Kb1 $11 {and White is okay.}) 93... Kd5 (93... a4 $1 $19 94. Qa8+ Kd6 95. Qxa4 Ke5) 94. Qd8+ Ke5 $1 95. Qh8+ Ke4 96. Qh1+ Kf4 $1 97. Qh4+ $2 (97. Qf1+ Ke5 98. Qe1+ Kd5 99. Qh4) 97... Kf3 $19 98. Qh1+ Ke2 99. Qg2+ Kd1 100. Kb1 Qe4 $2 (100... Qe1 $1 $19 {And now ...f4 would win.} 101. Qh2 Qe3 102. Qh5+ Kd2 103. Qxf5 Qe1+ 104. Ka2 Kc1) 101. Qg1+ $2 {[%mdl 8192]} (101. Qf1+ $17 Kd2 102. Qf2+ Qe2 103. Qf4+ Qe3 104. Qxf5) 101... Ke2 102. Qh2+ Kf1 103. Qh3+ Kf2 104. Qh2+ Kf3 $2 (104... Qg2 $19 {and Black stays clearly on top.} 105. Qh6 Qf3 106. Qxb6 Qd1+ 107. Kb2 Qd4+ 108. Kb1 f4) 105. Qh3+ $17 Kf2 $2 {[%mdl 8192]} (105... Kf4 $1 $17 106. Qh6+ Kg3 107. Qxb6 Qe1+ 108. Ka2 f4 109. Qxc5 f3) 106. Qh2+ $19 {[#] Black continues to play with concentration.} Ke3 $2 (106... Qg2 $1 $19 {[%cal Rg2h2] has better winning chances.} 107. Qd6 Qf3 108. Qxb6 Qd1+ 109. Kb2 Qd4+ 110. Kb1 f4) 107. Qh6+ $2 {[%mdl 8192]} (107. Qg3+ $17 Qf3 108. Qe1+ Qe2 109. Qg3+ Ke4 110. Qg6) 107... f4 108. Kc1 Qe5 (108... Qd4 $142 109. Kb1 a4 110. bxa4 Qxa4) 109. Kb1 b5 {[%cal Bb6b5,Bb5c4][%mdl 32]} 110. Ka2 a4 111. Kb1 axb3 112. cxb3 c4 113. bxc4 bxc4 114. Kc2 Qe4+ (114... Qd4 $142 115. Qh2 Qd3+ {[%mdl 64] Double Attack} 116. Kc1 Qxa3+ 117. Kb1 Qb3+ 118. Kc1 Qc3+ 119. Kb1 Qb3+ 120. Kc1 Qc3+ 121. Kb1 Qb3+) 115. Kc1 Kd3 116. Qd6+ Qd4 117. Qg6+ Qe4 118. Qd6+ {[#]} Ke3 $2 (118... Ke2 $1 {mates} 119. Qd1+ Kf2 120. a4 f3 121. a5 Kg2 122. Qd8 Qe3+ 123. Kc2 Qb3+ 124. Kc1 Qc3+ 125. Kd1 f2 126. Qg5+ Qg3 127. Qd2 Qd3 128. Qxd3 cxd3 129. Kd2 f1=Q 130. a6 Qe2+ 131. Kc3 Qc2+ 132. Kd4 d2 133. a7 d1=Q+ 134. Ke5 Qc5+ {[%mdl 64] Double Attack} 135. Ke6 Qdd6+ 136. Kf7 Qxa7+ 137. Kg8 Qd8#) 119. Qb6+ $2 {[%mdl 8192]} (119. Qh6 $11 Qd5 120. Qh2) 119... Ke2 {Black mates.} 120. Qb2+ Kf1 121. Qh2 Qe1+ {Accuracy: White = 65%, Black = 62%.} 0-1

[Event "Silkway Cup"]
[Site "T#646345FIDE"]
[Date "2020.05.28"]
[Round "11"]
[White "EXpresident"]
[Black "GadimbayliA"]
[Result "1-0"]
[WhiteElo "2613"]
[BlackElo "2446"]
[PlyCount "83"]
[EventDate "2020.05.28"]
[EventType "swiss (blitz)"]

1. e4 {[%emt 0:00:02]} e5 {[%emt 0:00:01]} 2. Nf3 {[%emt 0:00:02]} d5 {[%emt 0:00:01]} 3. exd5 {[%emt 0:00:02]} e4 {[%emt 0:00:00]} 4. Qe2 {[%emt 0:00:03]} Nf6 {[%emt 0:00:01]} 5. d3 {[%emt 0:00:03]} Bb4+ {[%emt 0:00:01]} 6. Bd2 {[%emt 0:00:13]} O-O {[%emt 0:00:00]} 7. dxe4 {[%emt 0:00:12]} Re8 {[%emt 0:00:02]} 8. e5 {[%emt 0:00:02]} Nxd5 {[%emt 0:00:01]} 9. c3 {[%emt 0:00:22]} Bf8 {[%emt 0:00:27]} 10. Qe4 {[%emt 0:00:12]} Nc6 {[%emt 0:00:06]} 11. Bc4 {[%emt 0:00:04]} Nf6 {[%emt 0:00:40]} 12. Qf4 {[%emt 0:00:12]} Bd6 {[%emt 0:00:21]} 13. O-O {[%emt 0:00:25]} Nxe5 {[%emt 0:00:01]} 14. Nxe5 {[%emt 0:00:05]} Bxe5 {[%emt 0:00:05]} 15. Qh4 {[%emt 0:00:02]} Be6 {[%emt 0:00:19]} 16. Be3 {[%emt 0:00:09]} Ng4 {[%emt 0:00:32]} 17. Bg5 {[%emt 0:00:25]} Qd6 {[%emt 0:00:41]} 18. Bxe6 {[%emt 0:00:06]} Qxe6 {[%emt 0:00:02]} 19. h3 {[%emt 0:00:01]} Nf6 {[%emt 0:00:01]} 20. Nd2 {[%emt 0:00:05]} h6 {[%emt 0:00:00]} 21. Be3 {[%emt 0:00:02]} Rad8 {[%emt 0:00:02]} 22. Nf3 {[%emt 0:00:01]} Bd6 {[%emt 0:00:05]} 23. Rfe1 {[%emt 0:00:02]} Qf5 {[%emt 0:00:07]} 24. Bd4 {[%emt 0:00:12]} Ne4 {[%emt 0:00:01]} 25. Qg4 {[%emt 0:00:21]} Qxg4 {[%emt 0:00:03]} 26. hxg4 {[%emt 0:00:00]} c5 {[%emt 0:00:03]} 27. Be3 {[%emt 0:00:01]} Bc7 {[%emt 0:00:02]} 28. Rad1 {[%emt 0:00:03]} b6 {[%emt 0:00:00]} 29. g3 {[%emt 0:00:06]} Rxd1 {[%emt 0:00:02]} 30. Rxd1 {[%emt 0:00:01]} Nxg3 {[%emt 0:00:01]} 31. Rd7 {[%emt 0:00:02]} Bf4 {[%emt 0:00:07]} 32. Rxa7 {[%emt 0:00:07]} Bxe3 {[%emt 0:00:02]} 33. fxe3 {[%emt 0:00:01]} Ne4 {[%emt 0:00:04]} 34. Rb7 {[%emt 0:00:03]} Re6 {[%emt 0:00:01]} 35. a4 {[%emt 0:00:13]} g5 {[%emt 0:00:01]} 36. Kf1 {[%emt 0:00:04]} Nd2+ {[%emt 0:00:02]} 37. Nxd2 {[%emt 0:00:02]} Rxe3 {[%emt 0:00:02]} 38. Rxb6 {[%emt 0:00:01]} Rg3 {[%emt 0:00:03]} 39. Ne4 {[%emt 0:00:02]} Re3 {[%emt 0:00:03]} 40. Nd6 {[%emt 0:00:04]} h5 {[%emt 0:00:03]} 41. gxh5 {[%emt 0:00:03]} f5 {[%emt 0:00:02]} 42. a5 {[%emt 0:00:02] GadimbayliA resigns (Lag: Av=0.59s, max=0.9s)} 1-0

[Event "Silkway Cup"]
[Site "T#646345FIDE"]
[Date "2020.05.28"]
[Round "11"]
[White "Muradli mahammad"]
[Black "MammadyarovaZ"]
[Result "1-0"]
[WhiteElo "2446"]
[BlackElo "1981"]
[PlyCount "69"]
[EventDate "2020.05.28"]
[EventType "swiss (blitz)"]

1. d4 {[%emt 0:00:02]} d5 {[%emt 0:00:02]} 2. c4 {[%emt 0:00:01]} dxc4 {[%emt 0:00:06]} 3. e3 {[%emt 0:00:03]} Nf6 {[%emt 0:00:02]} 4. Nf3 {[%emt 0:00:01]} a6 {[%emt 0:00:01]} 5. Bxc4 {[%emt 0:00:05]} e6 {[%emt 0:00:01]} 6. O-O {[%emt 0:00:01]} b5 {[%emt 0:00:02]} 7. Be2 {[%emt 0:00:06]} Bb7 {[%emt 0:00:01]} 8. b3 {[%emt 0:00:10]} Be7 {[%emt 0:00:19]} 9. Bb2 {[%emt 0:00:01]} O-O {[%emt 0:00:03]} 10. a4 {[%emt 0:00:01]} b4 {[%emt 0:00:05]} 11. Nbd2 {[%emt 0:00:01]} c5 {[%emt 0:00:06]} 12. Nc4 {[%emt 0:00:02]} a5 {[%emt 0:00:12] Muradli mahammad reconnected.} 13. Rc1 {[%emt 0:00:04]} Nbd7 {[%emt 0:00:09]} 14. Nfe5 {[%emt 0:00:10]} Nb6 {[%emt 0:00:27]} 15. Bf3 {[%emt 0:00:47]} Bxf3 {[%emt 0:00:24]} 16. Qxf3 {[%emt 0:00:00]} Nxc4 {[%emt 0:00:07]} 17. Rxc4 {[%emt 0:00:05]} cxd4 {[%emt 0:00:05]} 18. Bxd4 {[%emt 0:00:01]} Qd5 {[%emt 0:00:09]} 19. Nc6 {[%emt 0:00:05]} Bd6 {[%emt 0:00:07]} 20. Bxf6 {[%emt 0:00:30]} Qxf3 {[%emt 0:00:03]} 21. gxf3 {[%emt 0:00:00]} gxf6 {[%emt 0:00:01]} 22. Rd1 {[%emt 0:00:00]} Be5 {[%emt 0:00:13]} 23. f4 {[%emt 0:00:01]} Bc3 {[%emt 0:00:06]} 24. Rc5 {[%emt 0:00:01] Muradli mahammad reconnected.} f5 {[%emt 0:00:18]} 25. Rxa5 {[%emt 0:00:02]} Kg7 {[%emt 0:00:05]} 26. Rxa8 {[%emt 0:00:02]} Rxa8 {[%emt 0:00:00]} 27. Rd7 {[%emt 0:00:00]} Kg6 {[%emt 0:00:12]} 28. Ra7 {[%emt 0:00:05]} Re8 {[%emt 0:00:05]} 29. a5 {[%emt 0:00:01]} f6 {[%emt 0:00:06]} 30. a6 {[%emt 0:00:01]} e5 {[%emt 0:00:01]} 31. Rb7 {[%emt 0:00:04]} exf4 {[%emt 0:00:03]} 32. exf4 {[%emt 0:00:00]} Re1+ {[%emt 0:00:03]} 33. Kg2 {[%emt 0:00:01]} Ra1 {[%emt 0:00:01]} 34. a7 {[%emt 0:00:00]} Ra6 {[%emt 0:00:18]} 35. Rb8 {[%emt 0:00:01] MammadyarovaZ Ñäàåòñÿ (Lag: Av=0.46s, max=0.6s)} 1-0

[Event "Silkway Cup"]
[Site "T#646345FIDE"]
[Date "2020.05.28"]
[Round "11"]
[White "Maghala77"]
[Black "Eltaj Safarli"]
[Result "1/2-1/2"]
[WhiteElo "2275"]
[BlackElo "2680"]
[Annotator "NA"]
[PlyCount "131"]
[EventDate "2020.05.28"]
[EventType "swiss (blitz)"]

1. Nf3 {[%emt 0:00:03]} Nf6 {[%emt 0:00:02]} 2. g3 {[%emt 0:00:01]} d5 {[%emt 0:00:02]} 3. Bg2 {[%emt 0:00:01]} e6 {[%emt 0:00:00]} 4. O-O {[%emt 0:00:01]} Be7 {[%emt 0:00:00]} 5. c4 {[%emt 0:00:01]} O-O {[%emt 0:00:00]} 6. b3 {[%emt 0:00:01]} b6 {[%emt 0:00:05]} 7. cxd5 {[%emt 0:00:01]} exd5 {[%emt 0:00:02]} 8. d4 {[%emt 0:00:01]} Bb7 {[%emt 0:00:03]} 9. Nbd2 {[%emt 0:00:03]} Nbd7 {[%emt 0:00:01]} 10. Bb2 {[%emt 0:00:01]} Bd6 {[%emt 0:00:02]} 11. Ne5 {[%emt 0:00:02]} c5 {[%emt 0:00:13]} 12. Ndc4 {[%emt 0:00:10]} Bb8 {[%emt 0:00:35]} 13. Nxd7 {[%emt 0:00:18]} Qxd7 {[%emt 0:00:00]} 14. dxc5 {[%emt 0:00:01]} bxc5 {[%emt 0:00:23]} 15. Bxf6 {[%emt 0:00:11]} gxf6 {[%emt 0:00:00]} 16. Na5 {[%emt 0:00:02]} Rd8 {[%emt 0:00:01]} 17. Nxb7 {[%emt 0:00:14]} Qxb7 {[%emt 0:00:00]} 18. e4 {[%emt 0:00:01]} Be5 {[%emt 0:00:22]} 19. Qg4+ {[%emt 0:00:06]} Kh8 {[%emt 0:00:01]} 20. Rad1 {[%emt 0:00:04]} Qb4 {[%emt 0:00:17]} 21. Qf5 {[%emt 0:00:24]} Bd4 {[%emt 0:00:50]} 22. exd5 {[%emt 0:00:10]} Rg8 {[%emt 0:00:01]} 23. d6 {[%emt 0:00:34]} Rad8 {[%emt 0:00:04]} 24. Be4 {[%emt 0:00:08]} Rg7 {[%emt 0:00:10]} 25. d7 {[%emt 0:00:35]} Qb6 {[%emt 0:00:02]} 26. Qd5 {[%emt 0:00:12]} Qe6 {[%emt 0:00:12]} 27. Qxe6 {[%emt 0:00:04]} fxe6 {[%emt 0:00:00]} 28. Bc6 {[%emt 0:00:01]} e5 {[%emt 0:00:10]} 29. Kg2 {[%emt 0:00:02]} Kg8 {[%emt 0:00:01]} 30. f4 {[%emt 0:00:01]} e4 {[%emt 0:00:13]} 31. Bxe4 {[%emt 0:00:08]} Rgxd7 {[%emt 0:00:02]} 32. Kf3 {[%emt 0:00:03]} a5 {[%emt 0:00:04]} 33. Rfe1 {[%emt 0:00:04]} Bc3 {[%emt 0:00:05]} 34. Rxd7 {[%emt 0:00:05]} Rxd7 {[%emt 0:00:00]} 35. Rc1 {[%emt 0:00:01]} Bb4 {[%emt 0:00:02]} 36. Rc2 {[%emt 0:00:07]} Rd2 {[%emt 0:00:04]} 37. Rxd2 {[%emt 0:00:01]} Bxd2 {[%emt 0:00:00]} 38. Ke2 {[%emt 0:00:00]} Bb4 {[%emt 0:00:03]} 39. Kd3 {[%emt 0:00:03]} Kg7 {[%emt 0:00:01]} 40. Kc4 {[%emt 0:00:02]} h6 {[%emt 0:00:01]} 41. Kb5 {[%emt 0:00:03]} Kf7 {[%emt 0:00:01]} 42. Ka4 {[%emt 0:00:01]} Ke7 {[%emt 0:00:02]} 43. a3 {[%emt 0:00:02]} Bc3 {[%emt 0:00:01]} 44. Kb5 {[%emt 0:00:01]} Kd6 {[%emt 0:00:02]} 45. Kc4 {[%emt 0:00:01]} Bb2 {[%emt 0:00:01]} 46. a4 {[%emt 0:00:02]} Ba3 {[%emt 0:00:01]} 47. Bf3 {[%emt 0:00:02]} Bb4 {[%emt 0:00:01]} 48. Kd3 {[%emt 0:00:01]} Ke7 {[%emt 0:00:01]} 49. Ke4 {[%emt 0:00:01]} Kf7 {[%emt 0:00:00]} 50. Kf5 {[%emt 0:00:00]} Kg7 {[%emt 0:00:01]} 51. Bd5 {[%emt 0:00:02]} Bc3 {[%emt 0:00:01]} 52. Bc4 {[%emt 0:00:01]} Bb4 {[%emt 0:00:01]} 53. Ke6 {[%emt 0:00:01] Eltaj Safarli offers a draw} Bc3 {[%emt 0:00:03]} 54. g4 {[%emt 0:00:01]} Bb4 {[%emt 0:00:01]} 55. h4 {[%emt 0:00:01]} Bd2 {[%emt 0:00:02]} 56. f5 {[%emt 0:00:02]} Be1 {[%emt 0:00:05]} 57. Kd5 {[%emt 0:00:12]} Bb4 {[%emt 0:00:03]} 58. Kd6 {[%emt 0:00:04]} Ba3 {[%emt 0:00:03]} 59. Ke7 {[%emt 0:00:01]} Bb2 {[%emt 0:00:02]} 60. Bd5 {[%emt 0:00:02]} Bc3 {[%emt 0:00:02]} 61. Kd6 {[%emt 0:00:01]} Bb4 {[%emt 0:00:02]} 62. Bc4 {[%emt 0:00:01]} Ba3 {[%emt 0:00:01]} 63. Kc6 {[%emt 0:00:01]} Bb4 {[%emt 0:00:02]} 64. Kb5 {[%emt 0:00:01]} Kf8 {[%emt 0:00:01]} 65. Kc6 {[%emt 0:00:01]} Kg7 {[%emt 0:00:01]} 66. Kd6 {[%emt 0:00:01] (Lag: Av=0.40s, max=2.1s)} 1/2-1/2

[Event "Silkway Cup"]
[Site "T#646345FIDE"]
[Date "2020.05.28"]
[Round "11"]
[White "GIGA QUPARADZE"]
[Black "AbasovN"]
[Result "1/2-1/2"]
[WhiteElo "2256"]
[BlackElo "2593"]
[PlyCount "79"]
[EventDate "2020.05.28"]
[EventType "swiss (blitz)"]

1. e4 {[%emt 0:00:02]} c5 {[%emt 0:00:00]} 2. Nf3 {[%emt 0:00:02]} e6 {[%emt 0:00:00]} 3. Nc3 {[%emt 0:00:02]} Nc6 {[%emt 0:00:01]} 4. d4 {[%emt 0:00:01]} cxd4 {[%emt 0:00:00]} 5. Nxd4 {[%emt 0:00:01]} Nf6 {[%emt 0:00:00]} 6. Nxc6 {[%emt 0:00:02]} bxc6 {[%emt 0:00:00]} 7. e5 {[%emt 0:00:01]} Nd5 {[%emt 0:00:01]} 8. Ne4 {[%emt 0:00:01]} Qc7 {[%emt 0:00:01]} 9. f4 {[%emt 0:00:04]} Qb6 {[%emt 0:00:01]} 10. c4 {[%emt 0:00:03]} Bb4+ {[%emt 0:00:01]} 11. Ke2 {[%emt 0:00:03]} f5 {[%emt 0:00:01]} 12. Nf2 {[%emt 0:00:06]} Ba6 {[%emt 0:00:02]} 13. Kf3 {[%emt 0:00:02]} Ne7 {[%emt 0:00:01]} 14. Be3 {[%emt 0:00:02]} Bc5 {[%emt 0:00:01]} 15. Bxc5 {[%emt 0:00:03]} Qxc5 {[%emt 0:00:00]} 16. Qd6 {[%emt 0:00:15]} Qa5 {[%emt 0:00:04]} 17. b3 {[%emt 0:00:48]} Bb7 {[%emt 0:00:46]} 18. Nd3 {[%emt 0:00:12]} c5+ {[%emt 0:00:04]} 19. Ke2 {[%emt 0:00:06]} Rc8 {[%emt 0:00:01]} 20. h4 {[%emt 0:00:14]} Kf7 {[%emt 0:00:24]} 21. Nf2 {[%emt 0:00:06]} Rhd8 {[%emt 0:00:08]} 22. Qd2 {[%emt 0:00:06]} Qb6 {[%emt 0:00:06]} 23. Rd1 {[%emt 0:00:05]} Nc6 {[%emt 0:00:03]} 24. Nd3 {[%emt 0:00:05]} Kg8 {[%emt 0:00:18]} 25. Kf2 {[%emt 0:00:04]} d6 {[%emt 0:00:05]} 26. exd6 {[%emt 0:00:04]} Rxd6 {[%emt 0:00:00]} 27. Qe3 {[%emt 0:00:02]} Rcd8 {[%emt 0:00:09]} 28. Be2 {[%emt 0:00:02]} Nd4 {[%emt 0:00:01]} 29. Ne5 {[%emt 0:00:02]} Qa5 {[%emt 0:00:08]} 30. Rd3 {[%emt 0:00:18]} Nxe2 {[%emt 0:00:14]} 31. Qxe2 {[%emt 0:00:07]} Be4 {[%emt 0:00:30]} 32. Rxd6 {[%emt 0:00:09]} Rxd6 {[%emt 0:00:00]} 33. Rd1 {[%emt 0:00:12]} Rxd1 {[%emt 0:00:03]} 34. Qxd1 {[%emt 0:00:00]} Qxa2+ {[%emt 0:00:01]} 35. Ke3 {[%emt 0:00:01]} h6 {[%emt 0:00:01]} 36. Ng6 {[%emt 0:00:08]} Qa5 {[%emt 0:00:22]} 37. Kf2 {[%emt 0:00:10]} Qa2+ {[%emt 0:00:02]} 38. Ke3 {[%emt 0:00:01]} Qa5 {[%emt 0:00:01]} 39. Kf2 {[%emt 0:00:01]} Qa2+ {[%emt 0:00:26]} 40. Ke3 {[%emt 0:00:03] (Lag: Av=0.53s, max=1.7s)} 1/2-1/2